000 00315nam a22001457a 4500
008 210426b ||||| |||| 00| 0 eng d
020 _a9780847690640
041 _aeng
080 _a94
082 _a94
100 _a16
101 _aSHH
245 _aWhen all the Gods Trembled
_cConkin,P.K
942 _2udc
_cBK
999 _c56718
_d56718